| 000 | 00687nam a22002057a 4500 | ||
|---|---|---|---|
| 999 |
_c15860 _d15860 |
||
| 003 | AR-CdUCM | ||
| 008 | 190313b ||||| |||| 00| 0 spa d | ||
| 040 |
_aMUNICIPALIDAD PROVINCIAL DEL CUSCO _cBIBLIOTECA MUNICIPAL DEL CUSCO |
||
| 082 |
_24ed. _a869.558 / _bP19 |
||
| 100 |
_aPalma, Ricardo _9304 |
||
| 245 | _aTradiciones Peruanas / | ||
| 260 |
_aLima : _bNuevo mundo, _c1965. |
||
| 300 |
_a156 páginas ; _c17 cm. |
||
| 505 | _aContenido : !A iglesia me llamo! -- El alacrán de Fray Gómez -- Una ventura del virrey-poeta ... | ||
| 650 |
_aLa república _91410 |
||
| 650 |
_aLiteratura Peruana _9132 |
||
| 650 |
_aSiglo XX _98 |
||
| 942 |
_2ddc _cLIBROS |
||
| 945 |
_arah _d30/04/2019 |
||